Biggest Trading Partners - Slovakia - Statistics

General Stats
  • This quiz has been taken 718 times
  • The average score is 18 of 20
Answer Stats
Imports Answer % Correct
12.75 bil Germany
99%
16.97 bil Germany
99%
4.60 bil United Kingdom
99%
3.89 bil Poland
96%
5.88 bil Poland
96%
8.03 bil Czech Republic
95%
9.19 bil Czech Republic
95%
2.97 bil Russia
95%
2.45 bil Italy
94%
3.75 bil Italy
94%
6.35 bil China
93%
2.32 bil France
93%
4.75 bil France
93%
3.52 bil Hungary
93%
4.32 bil Hungary
93%
4.44 bil Austria
90%
2.30 bil Spain
90%
2.24 bil Netherlands
72%
4.48 bil South Korea
56%
3.20 bil Vietnam
29%
No matching quizzes found
Score Distribution
Percent of People with Each Score
Percentile by Number Answered
Your Score History
You have not taken this quiz